000 00274nam a22001217a 4500
008 170425b xxu||||| |||| 00| 0 eng d
041 _aeng
080 _a12
100 _a12
101 _aSHM
245 _aORGANIC CHEMISTRY OF BIVALENT SULFUR
_cREID, E.E
942 _2udc
_cBK
999 _c11966
_d11966